Obras escogidas [de Goerges Bataille] /

Kaydedildi:
Detaylı Bibliyografya
Yazar: Bataille, Georges (autor)
Diğer Yazarlar: Jordá, Joaquín (traducción) (traducción)
Materyal Türü: Kitap
Dil:İspanyolca
Baskı/Yayın Bilgisi: Barcelona, España : Barral, 1974, c1974
Etiketler: Etiketle
Etiket eklenmemiş, İlk siz ekleyin!

MARC

LEADER 00000nam^a2200000^a^4500
001 000581651
005 20250521000000.0
009 20260310132614.817
020 |a 84-211-0319-9 
037 |a Acervo ITESO - Biblioteca 
041 |a ESP 
091 |a FLG. 01144 
100 |a Bataille, Georges  |e (autor) 
245 1 0 |a Obras escogidas [de Goerges Bataille] / 
264 4 |a Barcelona, España :  |b Barral,  |c 1974, c1974 
300 |a 531 p. 
336 |a texto  |b txt  |2 rdacontenido 
337 |a sin mediación  |b n  |2 rdamedio 
338 |a volumen  |b nc  |2 rdasoporte 
649 |a XX 
700 |a Jordá, Joaquín  |e (traducción) 
910 |a Fondo Luis González de Alba 
920 |a Impresos - Libros 
930 |a Fondos Especiales 
905 |a 141 
901 |a 0500397720  |b IT2  |c ESP  |i D101541  |u 20250521 
902 |a https://opac.biblio.iteso.mx/vufind/Record/000581651